| 000 | 00994pam a2200277 a 4500 | ||
|---|---|---|---|
| 003 | OSt | ||
| 005 | 20260205151739.0 | ||
| 008 | 920226s1992 pau b 000 0 eng | ||
| 020 |
_a0877229848 _qalk. paper |
||
| 020 |
_a0877229856 _q(alk. paper) |
||
| 040 |
_aKABLIB _cKABLIB _beng _erda |
||
| 082 | 0 | 0 |
_a332.1 _223 _bFRO |
| 245 | 0 | 0 |
_aFrom redlining to reinvestment : _bcommunity responses to urban disinvestment / _cedited by Gregory D. Squires. |
| 260 |
_aPhiladelphia : _bTemple University Press, _c1992. |
||
| 300 |
_aviii, 288 p. ; _c24 cm. |
||
| 336 |
_atext _btxt _2rdacontent |
||
| 337 |
_aunmediated _bn _2rdamedia |
||
| 338 |
_avolume _bnc _2rdacarrier |
||
| 504 | _aIncludes bibliographical references. | ||
| 650 | 0 |
_aBank loans _zUnited States. _915436 |
|
| 650 | 0 |
_aDiscrimination in mortgage loans _zUnited States. _915437 |
|
| 650 | 0 |
_aCommunity development _zUnited States. _915266 |
|
| 653 | 0 | _aCommunity reinvestment. | |
| 700 | 1 |
_aSquires, Gregory D. _915438 |
|
| 942 |
_2ddc _cBOOK |
||
| 999 |
_c6081 _d6081 |
||